| 000 | 02715nam a2200409Ia 4500 | ||
|---|---|---|---|
| 001 | dia_5862 | ||
| 003 | CHAP | ||
| 005 | 20240815184221.0 | ||
| 007 | ta | ||
| 008 | 220117s2015 mx bdo fr 001 0 spa d | ||
| 040 |
_cCHAP _amxchpua |
||
| 090 |
_aT.C.667 _bF56 IAI _c2015 |
||
| 245 | 1 | 0 |
_aReporte de viaje de estudio a la región de los Altos de Jalisco / _ccoordinador Juan José Flores Verduzco ; colaboradores Laura Yesenia Aguilera Blanco...[et al.] |
| 260 |
_aMéxico : _bEl autor, _c2015 |
||
| 300 |
_a103 hojas : _bmapas, gráficas, diagramas, tablas, fotos + _e1 CD-ROM |
||
| 336 |
_2rdacontent _atexto _btxt |
||
| 337 |
_2rdamedia _ano mediado _bn |
||
| 338 |
_2rdacarrier _avolumen _bnc |
||
| 500 | _a5° año Grupo 1 -- El CD contiene reporte. | ||
| 502 |
_aViaje de estudios _b(IAI) -- _cUACh. Departamento de Ingeniería Agroindustrial, _d2015 |
||
| 504 | _aBibliografía: hoja 103 | ||
| 505 |
_aEmpresas visitadas: -- _t1. Rancho Lechero Hacienda Cieneguilla, municipio de Lagos de Moreno -- 2. INIFAP, Centro de Investigación Regional Pacífico Centro, Campo experimental Centro Altos de Jalisco Vaquerías -- 3. PRODUOO (Productores Organizados de Ojuelos) -- 4. Industrializadora de Fructanos de Tierra Blanca de C. V. -- 5. Alimentos La Concordia, S. A. de C. V. -- 6. Clasificadora SANFANDILA, S. A. de C. V. -- 7. Granja de aves ponedoras SENACICA -- 8. Rancho la tuna -- 9. Visita a varios Productores de PRODUOO -- 10. Comunidad de ojo de agua de la palma Zacatecas -- 11. Comunidad de Morenitos, Ojuelos, Jalisco -- 12. Comunidad Huarache, municipio de Ojuelos, Jalisco -- 13. Avicultura El Gran Chaparral, Tepatitlán de Morelos -- 14. Recorrido en los ranchos de producción lechera de productores asociados con DANONE (Tepatitlán, Jalisco) -- 15. Tequilera Criteros -- 16. Cultivo de Agave Azul (Tequilana weber) Consejo Regulador del Agave -- 17. Arcilla Roja, S. A. de C. V. -- 18. AVICAR de occidente, S. A. de C. V. -- 19. Impulsora Rombo -- 20. Rastro municipal de Tepatitlán |
||
| 650 | 1 | 3 |
_aAgave tequilana _91107 |
| 650 | 1 | 3 |
_aIndustria del huevo _9157071 _zMéxico _zJalisco |
| 650 | 1 | 0 |
_aIndustria lechera _zMéxico _zJalisco _9152796 |
| 650 | 1 | 0 |
_aDairy industry _zMexico _zJalisco _9152795 |
| 650 | 1 | 3 |
_aEgg industry _9157070 _zMéxico _zJalisco |
| 700 | 1 |
_aFlores Verduzco, Juan José _941784 _ecoordinador |
|
| 700 | 1 |
_aAguilera Blanco, Laura Yesenia _9135886 _ecolaboradora |
|
| 856 | 4 | 2 |
_uhttp://10.13.5.2/ve/TC667IAI/TC667IAI2015.pdf _yDESCARGAR REPORTE |
| 901 | _aT.C.667 F56 IAI 2015 | ||
| 902 | _aM | ||
| 905 | _a5232272015 mx nmbl8223123322spa16 | ||
| 942 | _2local | ||
| 942 | _cVE | ||
| 999 |
_c176821 _d176821 |
||